Score 0/21 Timer 05:00
0 Plays Today
% Correct
Vincent Schiavelli
59%
David Paymer
52.8%
Harold Gould
51.1%
Saul Rubinek
51.1%
Jon Polito
48.2%
Roscoe Lee Browne
47.6%
Brock Peters
45.3%
William Schallert
40.1%
Leo G. Carroll
37.8%
Allan Melvin
36.2%
Jerry Hardin
35.8%
% Correct
Simon Oakland
35.2%
Mark Margolis
34.5%
Edward Andrews
33.6%
John Fiedler
33.2%
Joe Flynn
30%
Bruce Kirby
29.6%
Elisha Cook, Jr.
29.3%
Dick O'Neill
27.4%
Jeff Corey
26.4%
Sam Anderson
26.4%
Remove Ads.
Support Sporcle.
Get the best of Sporcle when you Go Orange. This ad-free experience offers more features, more stats, and more fun while also helping to support Sporcle. Thank you for becoming a member.

You're not logged in!

Compare scores with friends on all Sporcle quizzes.
OR
Log In

Show Comments

Extras

Top Quizzes Today


Score Distribution

Your Account Isn't Verified!

In order to create a playlist on Sporcle, you need to verify the email address you used during registration. Go to your Sporcle Settings to finish the process.

Report this User

Report this user for behavior that violates our Community Guidelines.

Details: